=LDR 00000nam 2200000 4500 =001 INLIS000000000036615 =005 20130612142407 =008 ***********************************Ind** =035 ##$$a0010-061300000036615 =041 ##$$a Ind =082 ##$$a 813 =090 ##$$a 813, Les n =100 ##$$a Lestari V =245 ##$$a Naluri, V. Lestari =260 ##$$a 2009 $b Jakarta =300 ##$$a 583 hlm, 18 cm =650 ##$$a Fiksi Inbdonesia =850 ##$$a NBPNMAT =990 ##$$a 0305/PN/2014 =990 ##$$a 86138613 =990 ##$$a 01201808613 =990 ##$$a 21102233 =990 ##$$a 21102234 =990 ##$$a 0305/PN/2014